000 01334nam a2200337 a 4500
999 _c481588
_d481588
003 BLK
005 20250508093814.0
008 221115b bul|||||r ||||||| ||bul||
010 _aKNG00154108000
020 _a9786192406073
040 _aBLK
041 _aBUL
_cBUL
080 _aИздания за деца и юноши. Книжки-картинки. Читанки. Вж и 372.4
_b087.5
_z087.5:821-93-1
_x:821-93-1
080 _aЛитература на отделни езици и езикови семейства
_b821
_z-93-34
_x821-93-34
139 _aПриказки с поука
_bП 87
245 1 0 _aПриказки с поука
_bМузикална книжка
_cил. Франческа Пеши, Микеле Бици.
257 _aBGR
260 _aСофия
_bПАН
_c2022
_9209558
_n978-954-660- ; 978-954-657-
300 _a30 с.
_bс цв. ил.
_c23Х27 см
380 _aDN
650 4 _aКнижки-картинки
_9267880
653 _aкнижки-картинки
700 _aПеши, Франческа
_eил.
_9483569
700 _aБици, Микеле
_eил.
_9599
852 _aЦб 317598
856 4 _qpdf
_i0.00
_ldisable
856 4 _qpdf
_i0.00
_ldisable
942 _cKNG
_n0
_s1
_028
944 _c2022-11-23
_k30551
_lБояна Костадинова
999 _d481588